5HLuxD.jpg

KING HENRY VIII SENIOR AND PRIMARY SCHOOL LIBRARY OPAC

Everyday materials / (Record no. 1413)

000 -LEADER
fixed length control field 01639cam a2200373 a 4500
001 - CONTROL NUMBER
control field 2129089
003 - CONTROL NUMBER IDENTIFIER
control field OSt
005 - DATE AND TIME OF LATEST TRANSACTION
control field 20221229115549.0
008 - FIXED-LENGTH DATA ELEMENTS--GENERAL INFORMATION
fixed length control field 180910s2016 onca j 001 0 eng
020 ## - INTERNATIONAL STANDARD BOOK NUMBER
International Standard Book Number 9781910549858
Qualifying information (pbk.)
020 ## - INTERNATIONAL STANDARD BOOK NUMBER
International Standard Book Number 1910549851
Qualifying information (pbk.)
040 ## - CATALOGING SOURCE
Original cataloging agency NDHU
Language of cataloging eng
Transcribing agency .
Modifying agency KH8
042 ## - AUTHENTICATION CODE
Authentication code nbic
082 ## - DEWEY DECIMAL CLASSIFICATION NUMBER
Classification number 620.11 OWE
100 1# - MAIN ENTRY--PERSONAL NAME
Personal name Owen, Ruth,
Dates associated with a name 1967-
Relator term author
245 10 - TITLE STATEMENT
Title Everyday materials /
Statement of responsibility, etc. Ruth Owen.
260 ## - PUBLICATION, DISTRIBUTION, ETC.
Place of publication, distribution, etc. Poland :
Name of publisher, distributor, etc. Ruby Tuesday Books Ltd.,
Date of publication, distribution, etc. c2016.
300 ## - PHYSICAL DESCRIPTION
Extent 32 p. :
Other physical details col. ill. ;
Dimensions 28 cm.
490 1# - SERIES STATEMENT
Series statement Fundamental Science ;
Volume/sequential designation Key Stage 1.
500 ## - GENERAL NOTE
General note Includes index.
500 ## - GENERAL NOTE
General note Printed in Poland by L&C Printing Group.
504 ## - BIBLIOGRAPHY, ETC. NOTE
Bibliography, etc. note Includes bibliographical references and index.
505 0# - FORMATTED CONTENTS NOTE
Title What are materials --
-- Let's investigate properties --
-- Wood from nature --
-- Making paper --
-- Let's investigate paper --
-- Rock in our world --
-- Where does metal come from? --
-- How we use metals --
-- Making glass --
-- Plastic in our world --
-- Bouncy, bendy rubber --
-- Materials for clothes --
-- Let's test it! --
-- Recycling materials --
-- Glossary, index.
520 ## - SUMMARY, ETC.
Summary, etc. Packed with questions and answers, experiments and activities, this book brings STEM alive for Key Stage 1 readers.
521 1# - TARGET AUDIENCE NOTE
Target audience note 010-013.
650 #0 - SUBJECT ADDED ENTRY--TOPICAL TERM
Topical term or geographic name entry element Nature
General subdivision Juvenile literature.
650 #0 - SUBJECT ADDED ENTRY--TOPICAL TERM
Topical term or geographic name entry element Materials
Form subdivision Juvenile literature.
Source of heading or term lsctt.
650 #0 - SUBJECT ADDED ENTRY--TOPICAL TERM
Topical term or geographic name entry element Papers
Form subdivision Juvenile literature.
Source of heading or term lcstt.
650 #0 - SUBJECT ADDED ENTRY--TOPICAL TERM
Topical term or geographic name entry element Rock and metals
Form subdivision Juvenile literature.
Source of heading or term lcstt.
650 #0 - SUBJECT ADDED ENTRY--TOPICAL TERM
Topical term or geographic name entry element Plastic and clothes.
Source of heading or term lcstt.
650 #0 - SUBJECT ADDED ENTRY--TOPICAL TERM
Topical term or geographic name entry element Recyclying.
Source of heading or term lcstt.
830 #0 - SERIES ADDED ENTRY--UNIFORM TITLE
Uniform title Fundamental Science ;
Volume/sequential designation Key Stage 1.
942 ## - ADDED ENTRY ELEMENTS (KOHA)
Source of classification or shelving scheme
Koha item type Books - Non Ficton
Holdings
Withdrawn status Lost status Source of classification or shelving scheme Damaged status Not for loan Collection code Permanent Location Current Location Shelving location Date acquired Total Checkouts Total Renewals Full call number Barcode Date due Date last seen Date last checked out Price effective from Koha item type
          Non-Fiction KH8 Primary School Library KH8 Primary School Library Non Fiction 2022-12-29 6 1 620.11 OWE KHPL000003190 2025-05-19 2023-05-25 2023-05-25 2022-12-29 Books - Non Ficton
          Non-Fiction KH8 Primary School Library KH8 Primary School Library Non Fiction 2022-12-29 15   620.11 OWE KHPL000003877   2025-12-05 2025-01-08 2022-12-29 Books - Non Ficton

Powered By KH8 IT Dept